Contrarrevolucionarios (Registro nro. 110614)

Detalles MARC
000 -LEADER
campo de control de longitud fija 01491nam a2200409 i 4500
001 - NÚMERO DE CONTROL
campo de control MOR01000110943
003 - IDENTIFICADOR DE NÚMERO DE CONTROL
campo de control $$amxcmmo
005 - FECHA Y HORA DE LA ÚLTIMA TRANSACCIÓN
campo de control 20260331231236.0
008 - DATOS DE LONGITUD FIJA--INFORMACIÓN GENERAL
campo de control de longitud fija 111021s2011 sp o g b 001 0 spa d
020 ## - NÚMERO INTERNACIONAL ESTÁNDAR DEL LIBRO
Número Internacional Estándar del Libro 9788420664552
035 ## - NÚMERO DE CONTROL DEL SISTEMA
Número de control de sistema 221370
040 ## - FUENTE DE CATALOGACIÓN
Centro catalogador/agencia de origen mxcmmo
Lengua de catalogación spa
Centro/agencia transcriptor mxcmmo
Normas de descripción rda
041 0# - CÓDIGO DE IDIOMA
Código de lengua del texto/banda sonora o título independiente spa
043 ## - CÓDIGO DE ÁREA GEOGRÁFICA
Código de área geográfica e-sp---
045 ## - PERIODO DE TIEMPO DEL CONTENIDO
Código de periodo de tiempo x3x3
082 04 - NÚMERO DE LA CLASIFICACIÓN DECIMAL DEWEY
Número de clasificación 946.077
Número de ítem GON.c
100 1# - ENTRADA PRINCIPAL--NOMBRE DE PERSONA
Nombre de persona González Calleja, Eduardo
Término indicativo de función/relación autor
9 (RLIN) 168928
245 10 - MENCIÓN DEL TÍTULO
Título Contrarrevolucionarios
Resto del título : radicalización violenta de las derechas durante la Segunda República, 1931-1936/
Mención de responsabilidad, etc. Eduardo González-Calleja
264 #1 - PRODUCCIÓN, PUBLICACIÓN, DISTRIBUCIÓN, FABRICACIÓN Y COPYRIGHT
Producción, publicación, distribución, fabricación y copyright Madrid:
Nombre del de productor, editor, distribuidor, fabricante Alianza Editorial,
Fecha de producción, publicación, distribución, fabricación o copyright [2011]
300 ## - DESCRIPCIÓN FÍSICA
Extensión 444 páginas:
Otras características físicas fotografías;
Dimensiones 23 cm
336 ## - TIPO DE CONTENIDO
Término de tipo de contenido texto
Código de tipo de contenido txt
Fuente rdacontent
337 ## - TIPO DE MEDIO
Nombre/término del tipo de medio sin medio
Código del tipo de medio n
Fuente rdamedia
338 ## - TIPO DE SOPORTE
Nombre/término del tipo de soporte volumen
Código del tipo de soporte nc
Fuente rdacarrier
504 ## - NOTA DE BIBLIOGRAFÍA, ETC.
Nota de bibliografía, etc. Nota Incluye referencias bibliográficas (páginas [397]-421) e índice
541 0# - NOTA DE FUENTE DE ADQUISICIÓN DIRECTA
Fuente de adquisición Dr. Mario Virgilio Santiago
Forma de adquisición Donación
650 #7 - PUNTO DE ACCESO ADICIONAL DE MATERIA--TÉRMINO DE MATERIA
Término de materia o nombre geográfico como elemento de entrada Derechas e izquierdas (Política)
Subdivisión general Historia
9 (RLIN) 166354
650 #7 - PUNTO DE ACCESO ADICIONAL DE MATERIA--TÉRMINO DE MATERIA
Término de materia o nombre geográfico como elemento de entrada Fascismo
Subdivisión geográfica España
Subdivisión general Historia
9 (RLIN) 70102
650 #7 - PUNTO DE ACCESO ADICIONAL DE MATERIA--TÉRMINO DE MATERIA
Término de materia o nombre geográfico como elemento de entrada Violencia
Subdivisión geográfica España
Subdivisión general Aspectos políticos
-- Historia
9 (RLIN) 201061
651 #7 - PUNTO DE ACCESO ADICIONAL DE MATERIA--NOMBRE GEOGRÁFICO
Nombre geográfico España
Subdivisión general Historia
Subdivisión cronológica República, 1931-1939
9 (RLIN) 44916
900 ## - ELEMENTOS DE DATOS A LOCAL, LDA (RLIN)
Nombre de persona BERENICE
Numeración 40
Títulos y otros términos asociados al nombre 20230109
Lenguaje de la obra MOR01
-- 1036
900 ## - ELEMENTOS DE DATOS A LOCAL, LDA (RLIN)
Nombre de persona CATY
Numeración 30
Títulos y otros términos asociados al nombre 20221101
Lenguaje de la obra MOR01
-- 1252
900 ## - ELEMENTOS DE DATOS A LOCAL, LDA (RLIN)
Nombre de persona LUIS
Numeración 20
Títulos y otros términos asociados al nombre 20221017
Lenguaje de la obra MOR01
-- 1538
900 ## - ELEMENTOS DE DATOS A LOCAL, LDA (RLIN)
Nombre de persona LUIS
Numeración 20
Títulos y otros términos asociados al nombre 20221017
Lenguaje de la obra MOR01
-- 1538
900 ## - ELEMENTOS DE DATOS A LOCAL, LDA (RLIN)
Nombre de persona VOBO
Numeración 40
Títulos y otros términos asociados al nombre 20230110
Lenguaje de la obra MOR01
-- 1454
904 ## - ELEMENTOS DE DATOS D LOCAL, LDD (RLIN)
a UPDATE
942 ## - ELEMENTOS DE ENTRADA SECUNDARIOS (KOHA)
Código de la institución [OBSOLETO] BK
901 ## - ELEMENTOS DE DATOS A LOCAL LDA (RLIN)
a batch batch
Existencias
Estatus retirado Estado de pérdida Fuente del sistema de clasificación o colocación Estado de daño No para préstamo Colección Biblioteca de origen Biblioteca actual Ubicación en estantería Fecha de adquisición Fuente de adquisición Número de inventario Total de préstamos Signatura topográfica completa Código de barras Visto por última vez Precio de reemplazo Tipo de ítem Koha
    Clasificación Decimal Dewey     Libros (General) Biblioteca Instituto Mora Biblioteca Instituto Mora Regular 01/11/2022   138277   (G)/946.077 GON.c 33006801142232 03/09/2024 03/09/2024 Libro préstamo regular